000 00315nam a22001457a 4500
003 SGT
020 _a9789364557948
082 _a345
_bTAX
100 _aTAXMANN
245 _aUNDERSTANDING NEW CRIMINALS LAWS
260 _aNEW DELHI
_bTAXMANN
_c2024
300 _a139
653 _aBNS, BNSS, BSA
942 _2ddc
_cBK
999 _c34366
_d34366